राजा नाहर सिंह का बलिदान / (Record no. 120882)

MARC details
000 -LEADER
fixed length control field 01209nam a22002537a 4500
005 - DATE AND TIME OF LATEST TRANSACTION
control field 20170124103204.0
010 ## - LIBRARY OF CONGRESS CONTROL NUMBER
LC control number B-074158
020 ## - INTERNATIONAL STANDARD BOOK NUMBER
Terms of availability 250.00
035 ## - SYSTEM CONTROL NUMBER
System control number B-074158
037 ## - SOURCE OF ACQUISITION
Source of stock number/acquisition Cen Lib/Ret
040 ## - CATALOGING SOURCE
Original cataloging agency DPL
Language of cataloging HN
082 ## - DEWEY DECIMAL CLASSIFICATION NUMBER
Classification number 954.0841
Item number सैनीर
100 ## - MAIN ENTRY--PERSONAL NAME
Personal name सैनी, रणजीतसिंह
9 (RLIN) 42810
245 ## - TITLE STATEMENT
Title राजा नाहर सिंह का बलिदान /
Statement of responsibility, etc रणजीतसिंह सैनी
246 ## - VARYING FORM OF TITLE
Title proper/short title Raja Nahar Singh ka balidaan /
Remainder of title by Ranjeetsingh Saini
260 ## - PUBLICATION, DISTRIBUTION, ETC. (IMPRINT)
Place of publication, distribution, etc दिल्ली
Name of publisher, distributor, etc न्यू भारतीय बुक
Date of publication, distribution, etc 2000
270 ## - ADDRESS
Address दु० न० 18, II फ्लोर, 5574-ए, काशीराम मार्किट, दुर्गा काम्प्लेक्स न्यू चन्द्रवल
City दिल्ली
Postal code 110007
300 ## - PHYSICAL DESCRIPTION
Extent xi,179पृ.
Dimensions 21सेमी(सजिल्द)
650 ## - SUBJECT ADDED ENTRY--TOPICAL TERM
Topical term or geographic name as entry element हिंदी साहित्य
9 (RLIN) 93199
650 ## - SUBJECT ADDED ENTRY--TOPICAL TERM
Topical term or geographic name as entry element राजा नाहर सिंह--जीवनी
9 (RLIN) 86998
650 ## - SUBJECT ADDED ENTRY--TOPICAL TERM
Topical term or geographic name as entry element Hindi literature
9 (RLIN) 93200
650 ## - SUBJECT ADDED ENTRY--TOPICAL TERM
Topical term or geographic name as entry element Raja Nahar Singh--Biography
9 (RLIN) 93201
942 ## - ADDED ENTRY ELEMENTS (KOHA)
Source of classification or shelving scheme Dewey Decimal Classification
Koha item type Hindi Books
Classification part 954.0841
Call number suffix सैनीर
Holdings
Withdrawn status Lost status Damaged status Not for loan Home library Current library Date acquired Source of acquisition Cost, normal purchase price Total Checkouts Full call number Barcode Date last seen Copy number Cost, replacement price Price effective from Koha item type
        Central Library Central Library 29/09/2015 Cen Lib/Ret 250.00   954.0841 सैनीर B-074158 29/09/2015 1 250.00 29/09/2015 Hindi Books

© Delhi Public Library
Hit Counter
free hit counter